000 00802nam a2200277Ia 4500
001 Z_617
003 CHAP
008 220113s1979 xx 000 0 und d
010 _a163728
040 _cCHAP
090 _aTesis R 108
100 _aRodríguez Chapa, Fernando
_998397
245 _aCurvas de crecimiento de becerras Holstein en el Valle de Toluca /
_cpor Fernando Rodríguez Chapa
260 _aChapingo, Méx. :
_bEl autor,
_c1979
300 _a29 h.; gráfs.
502 _aTesis (Ing. Agrónomo Esp. en Zootecnia) -- ENA. Departamento de Zootecnia
650 _aBecerros
_xAlimentación
_911172
650 _aBecerros
_xPeso
_911187
650 _aGanado Holstein
_945133
901 _aTESIS R 108
902 _aM
910 _a1979
942 _c2
942 _c2
999 _c163728
_d163728